The writer's hand book

Guardado en:
Bibliografiske detaljer
Hovedforfatter: Bryan, W.F
Format: Bog
Sprog:Undetermined
Udgivet: New York, Estados Unidos MacMillan 1927
Fag:
Tags: Tilføj Tag
Ingen Tags, Vær først til at tagge denne postø!

MARC

LEADER 00000nam a2200000Ia 4500
008 170316s9999 xx 000 0 und d
090 |a 415-I B-16w 
100 |a Bryan, W.F. 
245 4 |a The writer's hand book 
260 |a New York, Estados Unidos 
260 |b MacMillan 
260 |c 1927 
300 |a 238 páginas 
650 |a GRAMÁTICA INGLESA 
999 |c 19302  |d 19302 
040 |a cru BVZT 
942 |c 15 D  |h 415-I B-16w  |2 z